00542cam a2200181 a 450000100100000000500170001000800410002704000250006808200200009310000300011324500480014326000450019130000200023649000300025665000210028665000230030783000300033000000489620200929151528.0830112s1982 cl 001 p spa  aDO-SdBNPbspadBNPHU aCh861.44bM828i1 aMorales, Andrés,d1962-10aPor insulas extrañas /cAndrés Morales. aSantiago, Chile :bUniversitaria,c1982. a77 p. ;c19 cm.1 aGeneración espontánea 4aPoesía chilena 4aLiteratura chilena 0aGeneración espontánea